书目信息 |
| 题名: |
理解语言教学
|
|
| 作者: | 约翰逊 著 ;董奇 译丛主编 | |
| 分册: | ||
| 出版信息: | 北京 北京师范大学出版社 2006.08 |
|
| 页数: | 165页 | |
| 开本: | 23cm | |
| 丛书名: | 第二语言学习与教学译丛 | |
| 单 册: | ||
| 中图分类: | H09 | |
| 科图分类: | ||
| 主题词: | 第二语言--di er yu yan--语言教学--教学研究 | |
| 电子资源: | ||
| ISBN: | 7-303-08168-2 | |
| 000 | 01191nam 2200289 450 | |
| 001 | 012006023218 | |
| 005 | 20070612104135.21 | |
| 010 | @a7-303-08168-2@dCNY15.00 | |
| 100 | @a20061203d2006 km y0chiy0120 ea | |
| 101 | 1 | @achi@ceng |
| 102 | @aCN@b110000 | |
| 105 | @ay a 000yy | |
| 200 | 1 | @a理解语言教学@Ali jie yu yan jiao xue@e教学中的推理@d= Understanding Language Teaching@eReasoning in Action@f(美) 约翰逊著@F(mei)yue han xun zhu@g董奇译丛主编@Gdong qi yi cong zhu bian@zeng |
| 210 | @a北京@c北京师范大学出版社@d2006.08 | |
| 215 | @a165页@d23cm | |
| 225 | 2 | @a第二语言学习与教学译丛@Adi er yu yan xue xi yu jiao xue yi cong |
| 320 | @a有书目 (第161-165页)。 | |
| 330 | @a本书验证了三位教师关于教学过程的知识、理论与思考, 从而帮助读者理解加强自己的教学推理及教学实践。 | |
| 410 | 0 | @12001 @a第二语言学习与教学译丛 |
| 500 | 10 | @aUnderstanding Language Teaching:Reasoning in Action@mchinese |
| 517 | 1 | @a教学中的推理@Ajiao xue zhong de tui li |
| 606 | 0 | @a第二语言@Adi er yu yan@x语言教学@x教学研究 |
| 690 | @aH09@v4 | |
| 701 | 1 | @a约翰逊@Ayue han xun@g(Johnson, K. E.)@4著 |
| 702 | 0 | @a董奇@Adong qi@4译丛主编 |
| 801 | 0 | @aCN@c20070612 |
| 905 | @a10447@dH09@eY944 | |
| 理解语言教学:教学中的推理= Understanding Language Teaching:Reasoning in Action/(美) 约翰逊著/董奇译丛主编.-北京:北京师范大学出版社,2006.08 |
| 165页;23cm.-(第二语言学习与教学译丛) |
| ISBN 7-303-08168-2:CNY15.00 |
| 本书验证了三位教师关于教学过程的知识、理论与思考, 从而帮助读者理解加强自己的教学推理及教学实践。 |
| ● |
| 相关链接 |
|
|
|
正题名:理解语言教学
索取号:H09/Y944
 
预约/预借
| 序号 | 登录号 | 条形码 | 馆藏地/架位号 | 状态 | 备注 |
| 1 | 230038 | 202300385 | 语言库209/209语言库 68排4列2层/ [索取号:H09/Y944] | 在馆 | |
| 2 | 230039 | 202300394 | 语言库209/209语言库 68排4列2层/ [索取号:H09/Y944] | 在馆 | |
| 3 | 230040 | 202300401 | 语言库209/209语言库 68排4列2层/ [索取号:H09/Y944] | 在馆 |